LOVE WINS AT THE HEART OF LIFE S BIG QUE (Record no. 18605)

MARC details
000 -LEADER
fixed length control field 00346nam a2200133Ia 4500
008 - FIXED-LENGTH DATA ELEMENTS--GENERAL INFORMATION
fixed length control field 240624s9999 xx 000 0 und d
041 ## - LANGUAGE CODE
Language code of text/sound track or separate title eng
082 ## - DEWEY DECIMAL CLASSIFICATION NUMBER
Classification number 823 BEL
100 ## - MAIN ENTRY--PERSONAL NAME
Personal name BELL ROB
245 ## - TITLE STATEMENT
Title LOVE WINS AT THE HEART OF LIFE S BIG QUE
260 ## - PUBLICATION, DISTRIBUTION, ETC.
Date of publication, distribution, etc. 2011
Place of publication, distribution, etc. New Delhi
Name of publisher, distributor, etc. HarperCollins
300 ## - PHYSICAL DESCRIPTION
Extent xi, : 202 : p. : cm. ; 22
365 ## - TRADE PRICE
Currency code RS
Price amount 25
Holdings
Withdrawn status Lost status Damaged status Not for loan Home library Current library Shelving location Date acquired Source of acquisition Cost, normal purchase price Total Checkouts Full call number Barcode Date last seen Date last checked out Copy number Price effective from Koha item type
        IMTN IMTN Rack 39-A 05/02/2012 IBH 250.00 1 823 BEL 18605 11/05/2024 10/07/2024 1 06/24/2024 Books
Designed & Maintained by: LRC IMT Nagpur Contact: lrc@imtnag.ac.in© 2024. All Rights Reserved.